Welcome to CU Library Online Public Access Catalogue (OPAC)

ANATOMY OF THE SPIRIT; (Record no. 7520)

MARC details
000 -LEADER
fixed length control field 00350nam a22001217a 4500
005 - DATE AND TIME OF LATEST TRANSACTION
control field 20250910135323.0
008 - FIXED-LENGTH DATA ELEMENTS--GENERAL INFORMATION
fixed length control field 250910b |||||||| |||| 00| 0 eng d
100 ## - MAIN ENTRY--PERSONAL NAME
Personal name MYSS CAROLINE
245 ## - TITLE STATEMENT
Title ANATOMY OF THE SPIRIT;
Remainder of title THE SEVEN STGES OF POWER AND HEALING
260 ## - PUBLICATION, DISTRIBUTION, ETC.
Place of publication, distribution, etc. NEW YORK
Name of publisher, distributor, etc. CROWN PUBLISHERS INC.
Date of publication, distribution, etc. c1996
300 ## - PHYSICAL DESCRIPTION
Extent xiv, 302p
942 ## - ADDED ENTRY ELEMENTS (KOHA)
Source of classification or shelving scheme Library of Congress Classification
Koha item type Books
Suppress in OPAC No
999 ## -
-- 7520
-- 7520
Holdings
Withdrawn status Lost status Source of classification or shelving scheme Damaged status Not for loan Collection Home library Current library Shelving location Date acquired Total checkouts Barcode Date last seen Copy number Price effective from Koha item type
    Library of Congress Classification     Non-fiction Undergraduate Library (Christ Temple) Undergraduate Library (Christ Temple) General stacks 09/10/2025   ULCT00004702 09/10/2025 1 09/10/2025 Books
© 2023-2024 Copyright: Central University Libraries. All Rights Reserved | Created by: Mahone Tech Office